| 000 | 00947nac a22002897a 4500 | ||
|---|---|---|---|
| 001 | BR9405110 | ||
| 003 | BR-BrBNA | ||
| 005 | 20240105121530.0 | ||
| 008 | 230509b bl.|||m| |||| 00| 0 por d | ||
| 040 |
_aBR-BrBNA _bpor _cBiblioteca Nacional de Agricultura |
||
| 072 | _aP31 | ||
| 090 | _aP31 BR9405110 | ||
| 110 | 1 |
_aProjeto RADAMBrasil, Rio de Janeiro, RJ (Brasil) _98088 |
|
| 245 | 1 | _aFolhas SF-23/24 Rio de Janeiro/Vitoria, Geologia, Geomorfologia, pedologia; vegetacao; uso potencial da terra | |
| 260 | 3 |
_aRio de Janeiro, RJ (Brasil): _b1983, _c780 p.. |
|
| 300 | _a(Pt) | ||
| 490 |
_aLevantamento de Recursos Naturais - Projeto RADAMBRASIL (Brazil) _vv. 32 _x |
||
| 650 | _aGeologia | ||
| 650 | _aGeomorfologia | ||
| 650 | _aPedologia | ||
| 650 | _aVegetacao | ||
| 650 | _aUso da TErra | ||
| 650 | _aRio de Janeiro | ||
| 650 | _aEspirito Santo | ||
| 909 |
_a202312 _bLúcia Elande _c55 _dLúcia Elande |
||
| 942 |
_2AGRIS _n0 _cMS |
||
| 999 |
_c285849 _d285849 |
||